| 000 | 00847nam a2200205 a 4500 | ||
|---|---|---|---|
| 001 | 000042011 | ||
| 005 | 20201002035902.0 | ||
| 008 | 131030s1998 sp ad 000 0 spa d | ||
| 040 |
_aDO-SdBNP _bspa _cBNPHU |
||
| 100 | 1 |
_aVillarías Robles, Juan José R. _968959 |
|
| 245 | 1 | 3 |
_aEl sistema económico del imperio inca : _bhistoria crítica de una controversia / _cJuan José R. Villarías Robles. |
| 260 |
_aMadrid : _bConsejo Superior de Investigaciones Científicas, _c1998. |
||
| 300 |
_a362 p. : ; _c24 cm. |
||
| 490 | 1 |
_aTierra Nueva e Cielo Nuevo ; _v36 |
|
| 500 | _aIncluye índice | ||
| 504 | _aBibliografía : p. 323-346 | ||
| 504 | _aIncluye referencias bibliográficas y notas al pie de las páginas | ||
| 710 | 2 |
_aConsejo Superior de Investigaciones Científicas (España) _915178 |
|
| 830 | 0 |
_aTierra Nueva e Cielo Nuevo ; _v36 _915432 |
|
| 999 |
_c41500 _d41500 |
||